000 01072nam a22002537a 4500
003 OSt
005 20251020201122.0
008 240205b ||||| |||| 00| 0 eng d
040 _c0
082 _aDPer 621.317 Ie21 January 2022 v. 37 n. 1
100 _aRahimi, Ramin.
_eauthor.
_951361
245 _aA three-winding coupled inductor-based interleaved high-voltage gain DC-DC converter for photovoltaic systems /
_cRamin Rahimi, Saeed Habibi, Mehdi Ferdowsi and Pourya Shamsi.
260 _aNew York ;
_bThe Institute of Electrical and Electronics Engineers, Inc. ,
_cJanuary 2022.
300 _aVolume 37, pages 990-1002 :
_billustration ;
_c28 cm.
500 _aIEEE Transactions on Power Electronics, v. 37 n. 1, pages 990-1002, January 2022.
650 0 _a Capacitors.
_965717
650 0 _aDC-DC power converters.
_965746
650 0 _aWindings.
_965851
700 _aRahimi, Ramin.
_eauthor.
_951361
700 _aHabibi, Saeed.
_eauthor.
_951362
700 _aFerdowsi, Mehdi.
_eauthor.
_951363
700 _aShamsi, Pourya.
_eauthor.
_951364
942 _2ddc
_cPER
999 _c18908
_d18908